Hacia una teoria heterodoxa del costo (Registro nro. 26663)
[ vista simple ]
| 000 -LEADER | |
|---|---|
| fixed length control field | 00367 a2200121 4500 |
| 001 - CONTROL NUMBER | |
| control field | ART_12831 |
| 005 - DATE AND TIME OF LATEST TRANSACTION | |
| control field | 20260410161909.0 |
| 008 - FIXED-LENGTH DATA ELEMENTS--GENERAL INFORMATION | |
| fixed length control field | 260409a |
| 100 1# - MAIN ENTRY--PERSONAL NAME | |
| Personal name | Yardin, Amaro Ramón |
| 245 10 - TITLE STATEMENT | |
| Title | Hacia una teoria heterodoxa del costo |
| 700 1# - ADDED ENTRY--PERSONAL NAME | |
| Personal name | Demonte, Norberto Gabriel |
| 773 0# - HOST ITEM ENTRY | |
| Title | Costos y gestión |
| Related parts | - Año 14, Nº 54 (dic. 2004) |
| Record control number | REV12786 |
No hay ítems disponibles.